000 00529nam a2200193 a 4500
001 1770285652712
003 YourLibrary
005 20260205153743.0
008 260205s2003##################000#0#eng##
020 _a9783631507605
082 0 4 _a333.632301595
_bWAN
100 1 _aWang, Anxing,
_eauthor.
245 1 0 _aStudies of Chinese Bond Markets :
260 _bPeter Lang Pub Incorporated,
_c2003.
300 _a136 pages
650 0 _aBusiness & Economics.
942 _cENGLISH
040 _aYourLibrary
_beng
_cYourLibrary
999 _c610460
_d610460